01292nam a2200337Ia 4500001001200000003000800012006001900020007001500039008004100054020001500095020002200110040002100132035002100153050002400174082001500198100003000213245009100243260005900334300001500393490003500408504006600443533015200509600002200661650002300683650002500706655002900731710001700760830003600777856012600813999001500939ebr10003029CaPaEBRm u cr cn|||||||||011219s2002 inu sb 001 0 eng d z0253339952 z0253214858 (pbk.) aCaPaEBRcCaPaEBR a(OCoLC)61336347214aJC71.P6bB33 2002eb04a321.072211 aBaracchi, Claudia,d1962-10aOf myth, life, and war in Plato's Republich[electronic resource] /cClaudia Baracchi. aBloomington, Ind. :bIndiana University Press,cc2002. aix, 249 p.1 aStudies in Continental thought aIncludes bibliographical references (p. 229-240) and indexes. aElectronic reproduction.bPalo Alto, Calif. :cebrary,d2013.nAvailable via World Wide Web.nAccess may be limited to ebrary affiliated libraries.00aPlato.tRepublic. 0aWar in literature. 0aPhilosophy, Ancient. 7aElectronic books.2local2 aebrary, Inc. 0aStudies in Continental thought.40uhttp://site.ebrary.com/lib/rucke/Doc?id=10003029zAn electronic book accessible through the World Wide Web; click to view c2478d2478